000 00335nam a2200145Ia 4500
008 230718s9999 xx 000 0 und d
041 _aEng.
082 _a346.54
_bSAY-G
100 _aSayed,Nazar Abbas
245 0 _aGuardians 7 Wards act
260 _aPakistan
_bNational law
_c2011
300 _a169
650 _aLaw
999 _c30234
_d30234